[Event "40th Olympiad Women"]
[Site "Istanbul TUR"]
[Date "2012.08.28"]
[Round "1.1"]
[Board "1"]
[White "Zhao, Xue"]
[Black "Sultana, Sharmin Shirin"]
[Result "1-0"]
[WhiteTitle "GM"]
[WhiteElo "2549"]
[BlackElo "2002"]
[WhiteTeam "China"]
[BlackTeam "Bangladesh"]
[WhiteFideId "8601283"]
[BlackFideId "10204482"]
[EventDate "2012.08.28"]

1. d4 d5 2. c4 c6 3. Nc3 Nf6 4. e3 g6 5. Nf3 Bg7 6. h3 O-O 7. Bd3 Nbd7 8. O-O
Qc7 9. Re1 e5 10. cxd5 Nxd5 11. Qb3 exd4 12. Nxd5 cxd5 13. exd4 Nb6 14. Bd2 Be6
15. Ba5 Rfc8 16. Re2 Qf4 17. Bd2 Qd6 18. Rae1 h6 19. Bxg6 Nc4 20. Bb1 Nxd2 21.
Rxd2 Qa6 22. Ne5 Rc7 23. Qg3 Rac8 24. Nd3 Qa5 25. Rde2 Kh8 26. Nc5 Rxc5 27. dxc5
Qa6 28. b4 Rc6 29. Rxe6 Bf8 1-0

[Event "40th Olympiad Women"]
[Site "Istanbul TUR"]
[Date "2012.08.28"]
[Round "1.1"]
[Board "2"]
[White "Sultana, Zakia"]
[Black "Ju, Wenjun"]
[Result "0-1"]
[WhiteTitle "WFM"]
[BlackTitle "WGM"]
[WhiteElo "1987"]
[BlackElo "2528"]
[WhiteTeam "Bangladesh"]
[BlackTeam "China"]
[WhiteFideId "10201220"]
[BlackFideId "8603006"]
[EventDate "2012.08.28"]

1. d4 Nf6 2. Nf3 g6 3. c4 Bg7 4. Nc3 O-O 5. g3 d6 6. Bg2 Nbd7 7. O-O e5 8. e4 a6
9. h3 b5 10. dxe5 dxe5 11. cxb5 axb5 12. Re1 Ba6 13. a3 c5 14. b3 c4 15. Be3 Qc7
16. Rc1 Rfd8 17. Qc2 Nc5 18. Bxc5 Qxc5 19. bxc4 bxc4 20. a4 Rac8 21. Bf1 Bf8 22.
Rb1 Rd7 23. Rb2 Bh6 24. Reb1 Rd3 25. Kg2 Kg7 26. Rb6 Rxc3 27. Qxc3 Qxf2+ 28.
Kxf2 Nxe4+ 29. Kg2 Nxc3 30. Ra1 Ra8 31. Nxe5 Nd5 32. Rxa6 Ne3+ 33. Kf2 Rxa6 34.
Nxc4 Rf6+ 35. Kg1 Rf3 36. Nxe3 Bxe3+ 37. Kh1 Rxg3 38. Bg2 Ba7 39. Rb1 Ra3 40.
Rb4 Ra1+ 41. Kh2 Bc5 0-1

[Event "40th Olympiad Women"]
[Site "Istanbul TUR"]
[Date "2012.08.28"]
[Round "1.1"]
[Board "3"]
[White "Huang, Qian"]
[Black "Khan, Nazrana"]
[Result "1-0"]
[WhiteTitle "WGM"]
[WhiteElo "2449"]
[BlackElo "2008"]
[WhiteTeam "China"]
[BlackTeam "Bangladesh"]
[WhiteFideId "8602689"]
[BlackFideId "10201734"]
[EventDate "2012.08.28"]

1. c4 c5 2. Nc3 Nc6 3. Nf3 g6 4. g3 Bg7 5. Bg2 e6 6. O-O Nge7 7. d3 a6 8. e4 d6
9. Be3 Nd4 10. Qd2 Nec6 11. Bg5 Qc7 12. Bh6 O-O 13. Bxg7 Kxg7 14. Nxd4 cxd4 15.
Ne2 e5 16. f4 f5 17. Rac1 Qe7 18. b4 Be6 19. c5 Rac8 20. a3 fxe4 21. Bxe4 Bg4
22. cxd6 Qxd6 23. fxe5 Rxf1+ 24. Rxf1 Qxe5 25. Nf4 Bf5 26. Nh5+ Kh8 27. Bxf5
gxf5 28. Re1 Qd6 29. Qe2 Qg6 30. Nf4 Qf7 31. Qe6 Qxe6 32. Rxe6 Kg8 33. Nh5 Rc7
34. Kf2 Re7 35. Rd6 Kf8 36. h3 Rf7 37. Nf4 Ke7 38. Rd5 Rf6 39. b5 axb5 40. Rxb5
Kd8 41. Rxb7 h6 42. Rb6 Rd6 43. Nd5 Kd7 44. Nb4 Nxb4 45. Rxd6+ Kxd6 46. axb4 Kc6
47. Kf3 Kb5 48. Kf4 Kxb4 49. Kxf5 Kb3 50. Ke4 Kc3 51. g4 1-0

[Event "40th Olympiad Women"]
[Site "Istanbul TUR"]
[Date "2012.08.28"]
[Round "1.2"]
[Board "1"]
[White "Cordero, Daniela"]
[Black "Kosintseva, Tatiana"]
[Result "0-1"]
[WhiteTitle "WIM"]
[BlackTitle "GM"]
[WhiteElo "2055"]
[BlackElo "2530"]
[WhiteTeam "Bolivia"]
[BlackTeam "Russia"]
[WhiteFideId "3301630"]
[BlackFideId "4133471"]
[EventDate "2012.08.28"]

1. d4 Nf6 2. Nf3 e6 3. e3 b6 4. Bd3 Bb7 5. O-O Be7 6. c4 O-O 7. Nc3 d5 8. b3 c5
9. dxc5 Bxc5 10. cxd5 exd5 11. Bb2 Nbd7 12. Rc1 Re8 13. Nb5 a6 14. Nbd4 Ne4 15.
a3 Ndf6 16. b4 Bf8 17. Qb3 Qd7 18. h3 b5 19. Rfd1 Rad8 20. Bc2 Nd6 21. Ne2 Qe7
22. Nf4 Nc4 23. Bd4 Ne4 24. Nd3 Bc8 25. a4 Bf5 26. axb5 axb5 27. Ra1 Ra8 28.
Rxa8 Rxa8 29. Ra1 Rc8 30. Ra7 Qe6 31. Qa2 h6 32. Ra6 Qe8 33. Ra7 Bd6 34. Nc5 Bg6
35. Nh4 0-1

[Event "40th Olympiad Women"]
[Site "Istanbul TUR"]
[Date "2012.08.28"]
[Round "1.2"]
[Board "2"]
[White "Gunina, Valentina"]
[Black "Borda, Carla"]
[Result "1-0"]
[WhiteTitle "IM"]
[BlackTitle "WCM"]
[WhiteElo "2507"]
[BlackElo "1977"]
[WhiteTeam "Russia"]
[BlackTeam "Bolivia"]
[WhiteFideId "4167570"]
[BlackFideId "3301087"]
[EventDate "2012.08.28"]

1. d4 d5 2. c4 c6 3. Nc3 Nf6 4. e3 g6 5. Nf3 Bg7 6. Be2 O-O 7. O-O Bg4 8. cxd5
cxd5 9. Qb3 b6 10. h3 Bc8 11. Ne5 Bb7 12. Bd2 Nc6 13. Nxc6 Bxc6 14. Rfc1 Qd7 15.
a4 e6 16. Ba6 Rfd8 17. f3 Ne8 18. Nb5 Bb7 19. Bxb7 Qxb7 20. Rc2 a6 21. Na3 Nd6
22. Rac1 Rdc8 23. Be1 Rxc2 24. Rxc2 Rc8 25. Bg3 Rxc2 26. Nxc2 Nc4 27. Qc3 Bf8
28. b3 Na5 29. Nb4 b5 30. Nd3 b4 31. Qc2 Qc6 32. Qb2 Qc3 33. Qxc3 bxc3 34. Be1
Nxb3 35. Bxc3 Ba3 36. Kf1 Nc1 37. Nb4 Bxb4 38. Bxb4 Nb3 39. Ke2 f6 40. Kd1 e5
41. Bc3 exd4 42. exd4 Kf7 43. Kc2 1-0

[Event "40th Olympiad Women"]
[Site "Istanbul TUR"]
[Date "2012.08.28"]
[Round "1.2"]
[Board "3"]
[White "Estrada, Lucia"]
[Black "Kosteniuk, Alexandra"]
[Result "0-1"]
[WhiteTitle "WIM"]
[BlackTitle "GM"]
[WhiteElo "2026"]
[BlackElo "2489"]
[WhiteTeam "Bolivia"]
[BlackTeam "Russia"]
[WhiteFideId "3301923"]
[BlackFideId "4128125"]
[EventDate "2012.08.28"]

1. d4 Nf6 2. c4 e6 3. e3 b6 4. Nf3 Bb7 5. Bd3 d5 6. O-O Be7 7. Nbd2 O-O 8. b3 c5
9. Bb2 cxd4 10. exd4 Nc6 11. Rc1 Re8 12. Re1 Bf8 13. cxd5 Nxd5 14. Bb1 g6 15.
Ne4 Bh6 16. a3 f5 17. Ned2 a5 18. Rc2 Nf4 19. Nf1 Ne7 20. Ne3 Ned5 21. Bc1 Nf6
22. Nc4 Bd5 23. Rb2 Ne4 24. Bxe4 Bxe4 25. Nce5 Qd5 26. Be3 g5 27. Qd2 Nxg2 28.
Bxg5 Nxe1 29. Nxe1 Bg7 30. Bf4 Rad8 31. Qe2 Qxd4 32. Rd2 Qa1 33. Ra2 Qd1 34. Qf1
Qxb3 35. Re2 Qc3 36. Re3 Qa1 37. f3 Bb7 38. Qg2 Rd1 39. Nd3 Qd4 40. Bh6 Kh8 41.
Bxg7+ Qxg7 42. Qxg7+ Kxg7 43. Ne5 Red8 44. Re2 Ba6 45. Re3 f4 46. Re4 R8d2 47.
Ng4 Be2 0-1

[Event "40th Olympiad Women"]
[Site "Istanbul TUR"]
[Date "2012.08.28"]
[Round "1.3"]
[Board "1"]
[White "Khotenashvili, Bela"]
[Black "Mazariego-K., Carolina"]
[Result "1-0"]
[WhiteTitle "IM"]
[BlackTitle "WIM"]
[WhiteElo "2509"]
[BlackElo "2062"]
[WhiteTeam "Georgia"]
[BlackTeam "Guatemala"]
[WhiteFideId "13602640"]
[BlackFideId "7300115"]
[EventDate "2012.08.28"]

1. d4 d6 2. Nf3 Bg4 3. c4 Nc6 4. Nc3 Nf6 5. e3 e5 6. Be2 Be7 7. h3 Bf5 8. b4
exd4 9. exd4 O-O 10. b5 Nb8 11. Qb3 Nbd7 12. O-O h6 13. a4 Re8 14. Be3 Bf8 15.
a5 Ne4 16. Nxe4 Bxe4 17. Nd2 Bg6 18. Bf3 Rb8 19. a6 b6 20. Bc6 Re7 21. Nb1 Be4
22. Nc3 Nf6 23. Rfe1 g5 24. Bxg5 Bxc6 25. Bxf6 Rxe1+ 26. Rxe1 Qxf6 27. bxc6 Qxd4
28. Re4 Qd3 29. Re3 Qf5 30. Nd5 Kh8 31. Nxc7 Qc8 32. Ne8 Qxc6 33. Qc3+ Kh7 34.
Qd3+ Kh8 35. Nf6 Kg7 36. Rf3 1-0

[Event "40th Olympiad Women"]
[Site "Istanbul TUR"]
[Date "2012.08.28"]
[Round "1.3"]
[Board "2"]
[White "Sotomayor Villatoro, Silvi"]
[Black "Javakhishvili, Lela"]
[Result "0-1"]
[WhiteTitle "WIM"]
[BlackTitle "IM"]
[WhiteElo "1885"]
[BlackElo "2458"]
[WhiteTeam "Guatemala"]
[BlackTeam "Georgia"]
[WhiteFideId "7301057"]
[BlackFideId "13601458"]
[EventDate "2012.08.28"]

1. d4 Nf6 2. g3 d5 3. Bg2 c6 4. Nf3 Bf5 5. Nbd2 h6 6. c4 e6 7. O-O Nbd7 8. h3
Bd6 9. Nh4 Bh7 10. f4 g5 11. Nhf3 gxf4 12. g4 Ne4 13. cxd5 exd5 14. Nxe4 dxe4
15. Ne5 Nxe5 16. dxe5 Bc5+ 17. Kh1 Qxd1 18. Rxd1 e3 19. Rf1 O-O-O 20. a3 Bg6 21.
b4 Bd4 22. Ra2 Bxe5 23. a4 f6 24. b5 Bf7 25. Ra3 cxb5 26. axb5 Kb8 27. Ra4 Bd5
28. Be4 Bxe4+ 29. Rxe4 Rd5 30. Rb4 f3 31. Bxe3 fxe2 32. Rg1 Bc3 33. Rbb1 e1=Q
34. Rbxe1 Bxe1 35. Rxe1 Rxb5 36. Rf1 Rb3 37. Bf4+ Kc8 38. Rc1+ Kd7 39. Kg2 h5
40. Rd1+ Ke7 41. Bd6+ Kf7 42. Rf1 hxg4 43. hxg4 Rg8 44. Rf4 Ke6 45. Bc5 f5 46.
Bxa7 Rxg4+ 47. Rxg4 fxg4 48. Bd4 b5 0-1

[Event "40th Olympiad Women"]
[Site "Istanbul TUR"]
[Date "2012.08.28"]
[Round "1.3"]
[Board "3"]
[White "Khurtsidze, Nino"]
[Black "Mencos, Claudia"]
[Result "1-0"]
[WhiteTitle "IM"]
[BlackTitle "WIM"]
[WhiteElo "2444"]
[BlackElo "2035"]
[WhiteTeam "Georgia"]
[BlackTeam "Guatemala"]
[WhiteFideId "13600320"]
[BlackFideId "7300573"]
[EventDate "2012.08.28"]

1. Nf3 Nf6 2. c4 c5 3. e3 d5 4. cxd5 Nxd5 5. a3 Nc6 6. Qc2 e6 7. b3 Be7 8. Bb2
O-O 9. Be2 a6 10. O-O Qd6 11. d3 b6 12. Nbd2 Bb7 13. Rac1 Rac8 14. Nc4 Qd8 15.
Rfd1 b5 16. Ncd2 Nb8 17. Qb1 Bf6 18. d4 cxd4 19. Nxd4 Qb6 20. Ne4 Be7 21. b4 Nd7
22. Nb3 Rxc1 23. Rxc1 Rc8 24. Rd1 N5f6 25. Ng5 Nf8 26. Bd4 Qc6 27. Bf3 Qc7 28.
Rc1 Qb8 29. Na5 Bxf3 30. Nxf3 Qa8 31. Ne5 N8d7 32. Nec6 Bf8 33. e4 e5 34. Bb2
Re8 35. f3 Nh5 36. Qa1 Nhf6 37. Nxe5 Nxe5 38. Bxe5 Nd7 39. Bd4 Qb8 40. Rc6 Ne5
41. Bxe5 Rxe5 42. Rxa6 Rh5 43. g3 Qd8 44. Qb2 Qd1+ 45. Kg2 Qd7 46. Qc2 Qh3+ 47.
Kg1 Qd7 48. Nb3 Re5 49. Kg2 Rh5 50. Ra8 Qh3+ 51. Kg1 Qd7 52. Nd2 Qd4+ 53. Kg2
Qd7 54. Nf1 Qh3+ 55. Kg1 Qd7 56. Qd2 Qc7 57. Qd8 Qxd8 58. Rxd8 Rh6 59. Ne3 Ra6
60. Nc2 Rc6 61. Nd4 Rc3 62. Nxb5 Rxf3 63. Rc8 Re3 64. Nc3 g6 65. Kf2 Rd3 66. Ke2
Rd7 67. a4 Kg7 68. b5 Bb4 69. Nd5 Ba5 70. b6 Rb7 71. Rc5 Bxb6 72. Rb5 Ra7 73.
Nxb6 1-0

[Event "40th Olympiad Women"]
[Site "Istanbul TUR"]
[Date "2012.08.28"]
[Round "1.3"]
[Board "4"]
[White "Mencos Castillo, Maria"]
[Black "Batsiashvili, Nino"]
[Result "0-1"]
[BlackTitle "WGM"]
[WhiteElo "1721"]
[BlackElo "2432"]
[WhiteTeam "Guatemala"]
[BlackTeam "Georgia"]
[WhiteFideId "7300867"]
[BlackFideId "13602993"]
[EventDate "2012.08.28"]

1. e4 g6 2. Nc3 Bg7 3. g3 d6 4. Bg2 Nf6 5. Nge2 O-O 6. d3 c5 7. O-O Nc6 8. Be3
Rb8 9. h3 Bd7 10. Qd2 b5 11. a3 a5 12. Rab1 b4 13. axb4 axb4 14. Nd1 Ne8 15. f4
Nd4 16. b3 Nc7 17. g4 f5 18. exf5 gxf5 19. g5 Ncb5 20. Ng3 Be8 21. h4 h5 22. Nf2
Bg6 23. Rbe1 e6 24. Nh3 Qd7 25. Kh2 Qf7 26. Ng1 Rfe8 27. Nf3 Nxf3+ 28. Bxf3 Bc3
29. Qg2 Bxe1 30. Rxe1 Kh7 31. Nf1 Re7 32. Nd2 Ra7 33. Nc4 Ra2 34. Bc6 Qe7 35.
Bg1 Nc3 36. Ne3 Qf7 37. Nc4 Rd8 38. d4 cxd4 39. Bxd4 e5 40. fxe5 dxe5 41. Nxe5
Qc7 42. Bxc3 bxc3 43. Re2 Rd2 44. Kh3 Raxc2 0-1

[Event "40th Olympiad Women"]
[Site "Istanbul TUR"]
[Date "2012.08.28"]
[Round "1.4"]
[Board "1"]
[White "Zepeda, Lorena"]
[Black "Muzychuk, Mariya"]
[Result "0-1"]
[WhiteTitle "WIM"]
[BlackTitle "IM"]
[WhiteElo "2139"]
[BlackElo "2466"]
[WhiteTeam "El Salvador"]
[BlackTeam "Ukraine"]
[WhiteFideId "6700233"]
[BlackFideId "14114550"]
[EventDate "2012.08.28"]

1. e4 c5 2. Nf3 e6 3. d4 cxd4 4. Nxd4 a6 5. Bd3 Nf6 6. Be3 d6 7. O-O g6 8. Nd2
e5 9. N4f3 Ng4 10. Qe2 Nxe3 11. Qxe3 Be7 12. c4 Nc6 13. Rfd1 O-O 14. Nf1 Kg7 15.
Qd2 Bg4 16. Be2 Bxf3 17. Bxf3 Nd4 18. Qd3 Qd7 19. Nd2 Rac8 20. Be2 Qc6 21. Bf1
Bd8 22. a4 Bb6 23. Kh1 Ne6 24. f3 Qc5 25. Be2 Nf4 0-1

[Event "40th Olympiad Women"]
[Site "Istanbul TUR"]
[Date "2012.08.28"]
[Round "1.4"]
[Board "2"]
[White "Zhukova, Natalia"]
[Black "Sanchez, Ingrid"]
[Result "1-0"]
[WhiteTitle "GM"]
[BlackTitle "WCM"]
[WhiteElo "2442"]
[BlackElo "1992"]
[WhiteTeam "Ukraine"]
[BlackTeam "El Salvador"]
[WhiteFideId "14101513"]
[BlackFideId "6700217"]
[EventDate "2012.08.28"]

1. d4 d5 2. c4 e6 3. Nc3 Nf6 4. Nf3 Be7 5. Qc2 b6 6. Bf4 a6 7. cxd5 exd5 8. e3
Bb7 9. Bd3 Nbd7 10. Ne5 c5 11. O-O O-O 12. Rad1 c4 13. Bf5 g6 14. Bh3 b5 15. a3
Re8 16. Bg3 Nf8 17. f4 Qb6 18. f5 a5 19. Bh4 Kg7 20. Qf2 Ra6 21. fxg6 hxg6 22.
g4 g5 23. Bxg5 N8h7 24. Qh4 Rf8 25. Bh6+ Kg8 26. Bxf8 Nxf8 27. Qg5+ 1-0

[Event "40th Olympiad Women"]
[Site "Istanbul TUR"]
[Date "2012.08.28"]
[Round "1.4"]
[Board "3"]
[White "Avelar, Gabriela"]
[Black "Ushenina, Anna"]
[Result "1/2-1/2"]
[WhiteTitle "WFM"]
[BlackTitle "IM"]
[WhiteElo "1939"]
[BlackElo "2433"]
[WhiteTeam "El Salvador"]
[BlackTeam "Ukraine"]
[WhiteFideId "6700667"]
[BlackFideId "14110911"]
[EventDate "2012.08.28"]

1. e4 c5 2. Nf3 d6 3. d4 cxd4 4. Qxd4 a6 5. c4 Nc6 6. Qd1 g6 7. Nc3 Bg7 8. Be2
Bg4 9. Be3 Nf6 10. O-O O-O 11. Qd2 Rc8 12. Rac1 Bxf3 13. Bxf3 Ne5 14. b3 Nxf3+
15. gxf3 Qd7 16. Kg2 Qe6 17. Nd5 Nh5 18. Rfe1 Kh8 19. Bd4 Be5 20. Bxe5+ dxe5 21.
Qg5 f6 22. Qg4 Qf7 23. Rcd1 e6 24. Nc3 Nf4+ 25. Kf1 Rcd8 26. Rxd8 Rxd8 27. Ne2
g5 28. h4 Nxe2 29. Rxe2 h6 30. hxg5 hxg5 31. Re1 Kg7 32. Kg2 Rh8 33. Rd1 Rh4 34.
Qg3 Qe7 35. Rh1 Rxh1 36. Kxh1 Qa3 37. Qg4 Qxa2 38. Qxe6 Qxf2 39. Qe7+ Kg6 40.
Qe8+ Kg7 41. Qe7+ Kg6 42. Qe8+ Kg7 43. Qe7+ Kg6 1/2-1/2

[Event "40th Olympiad Women"]
[Site "Istanbul TUR"]
[Date "2012.08.28"]
[Round "1.4"]
[Board "4"]
[White "Gaponenko, Inna"]
[Black "Garcia, Alcira"]
[Result "1-0"]
[WhiteTitle "IM"]
[WhiteElo "2404"]
[BlackElo "1782"]
[WhiteTeam "Ukraine"]
[BlackTeam "El Salvador"]
[WhiteFideId "14101181"]
[BlackFideId "6702945"]
[EventDate "2012.08.28"]

1. e4 e5 2. Nf3 Nc6 3. Bb5 Nd4 4. Nxd4 exd4 5. Bc4 Bc5 6. Bxf7+ Kf8 7. Bb3 Qe7
8. d3 Nf6 9. O-O d6 10. Nd2 Be6 11. Bxe6 Qxe6 12. Nf3 h6 13. Nh4 Kf7 14. f4 Rhe8
15. Bd2 d5 16. e5 Qg4 17. Nf3 Nh5 18. Ng5+ 1-0

[Event "40th Olympiad Women"]
[Site "Istanbul TUR"]
[Date "2012.08.28"]
[Round "1.5"]
[Board "2"]
[White "Tsoi, Nicole"]
[Black "Krush, Irina"]
[Result "0-1"]
[WhiteTitle "WFM"]
[BlackTitle "IM"]
[WhiteElo "1786"]
[BlackElo "2467"]
[WhiteTeam "New Zealand"]
[BlackTeam "United States of America"]
[WhiteFideId "4302605"]
[BlackFideId "2012782"]
[EventDate "2012.08.28"]

1. d4 d6 2. Bf4 g6 3. e3 Bg7 4. Nf3 Nd7 5. h3 e5 6. dxe5 dxe5 7. Bg5 f6 8. Bh4
Nh6 9. Bc4 Nf5 10. Nc3 Qe7 11. e4 Nxh4 12. Nxh4 c6 13. Nf3 Nc5 14. a4 Ne6 15. g3
Bd7 16. Qd2 O-O-O 17. Qe3 Kb8 18. O-O-O Rhe8 19. Kb1 Qb4 20. Qe2 Nd4 21. Nxd4
exd4 22. Na2 Qb6 23. Qd3 f5 24. exf5 Bxf5 25. Qb3 Qxb3 26. Bxb3 Re2 27. f4 h5
28. h4 Re3 29. Nc1 Rxg3 30. Nd3 Re8 31. Bc4 a5 32. Rde1 Ree3 33. Ref1 Bf6 34.
Rf2 Rh3 35. Rg1 Rxh4 36. Bf7 Rg4 37. Rxg4 hxg4 38. Rg2 g3 39. Kc1 g5 40. fxg5
Bxg5 41. Kb1 Bh3 42. Rg1 Rf3 43. Bg6 Rf1+ 44. Rxf1 Bxf1 45. Ne1 Bd2 46. Nf3 g2
47. Ng1 Be3 48. Nh3 Kc7 49. Bf5 Kd6 50. Ka2 Bc4+ 51. b3 Be6 52. Bxe6 Ke5 0-1

[Event "40th Olympiad Women"]
[Site "Istanbul TUR"]
[Date "2012.08.28"]
[Round "1.5"]
[Board "3"]
[White "Foisor, Sabina-Francesca"]
[Black "Fairley, Natasha"]
[Result "1-0"]
[WhiteTitle "WGM"]
[BlackTitle "WFM"]
[WhiteElo "2356"]
[BlackElo "1788"]
[WhiteTeam "United States of America"]
[BlackTeam "New Zealand"]
[WhiteFideId "1212915"]
[BlackFideId "4301439"]
[EventDate "2012.08.28"]

1. d4 d5 2. c4 dxc4 3. Nf3 Nf6 4. e3 Nc6 5. Bxc4 e6 6. O-O Be7 7. Nc3 O-O 8. a3
b6 9. Qe2 Na5 10. Ba2 Nd5 11. e4 Nxc3 12. bxc3 c6 13. Rd1 Bb7 14. e5 Rb8 15. Bb1
Re8 16. Bf4 Rc8 17. Nd2 Qd5 18. Qd3 g6 19. c4 Qd8 20. Ne4 Ba6 21. Ba2 Nb7 22.
Qe3 f6 23. c5 Kf7 24. Qh3 Kg7 25. exf6+ 1-0

[Event "40th Olympiad Women"]
[Site "Istanbul TUR"]
[Date "2012.08.28"]
[Round "1.5"]
[Board "4"]
[White "Meyer, Marany"]
[Black "Goletiani, Rusudan"]
[Result "0-1"]
[WhiteTitle "WIM"]
[BlackTitle "IM"]
[WhiteElo "2117"]
[BlackElo "2341"]
[WhiteTeam "New Zealand"]
[BlackTeam "United States of America"]
[WhiteFideId "14300435"]
[BlackFideId "13601105"]
[EventDate "2012.08.28"]

1. e4 c5 2. Nc3 Nc6 3. f4 g6 4. Nf3 Bg7 5. Bc4 e6 6. d3 Nge7 7. O-O d6 8. a3 a6
9. Qe1 O-O 10. Qh4 Nd4 11. Nxd4 cxd4 12. Ne2 d5 13. Ba2 dxe4 14. dxe4 Qc7 15.
Bb1 b6 16. e5 Nf5 17. Qf2 f6 18. exf6 Bxf6 19. Re1 Bb7 20. Ng3 Ne3 21. c3 Nxg2
22. Rxe6 Rae8 23. Ba2 Kh8 24. Bd2 Rxe6 25. Bxe6 Nh4 26. Bg4 h5 27. Bd1 Qc6 28.
cxd4 Nf5 29. Bc3 h4 30. d5 hxg3 31. dxc6 gxf2+ 32. Kxf2 Bxc6 33. Rc1 Bxc3 34.
Rxc3 Rf6 35. Be2 b5 36. a4 Nd4 37. axb5 axb5 38. Ke3 Nxe2 39. Kxe2 Kg7 40. Ke3
Re6+ 41. Kf2 Kf6 42. Rc5 Be8 43. h4 Re4 44. Kf3 Rb4 45. Rc2 Rc4 46. Re2 Bc6+ 47.
Kg3 Rb4 48. Rh2 Rb3+ 49. Kg4 Bf3+ 50. Kg3 Bh5+ 0-1

[Event "40th Olympiad Women"]
[Site "Istanbul TUR"]
[Date "2012.08.28"]
[Round "1.6"]
[Board "1"]
[White "Bejatovic, Bojana"]
[Black "Harika, Dronavalli"]
[Result "0-1"]
[BlackTitle "GM"]
[WhiteElo "1978"]
[BlackElo "2503"]
[WhiteTeam "FYROM"]
[BlackTeam "India"]
[WhiteFideId "15000141"]
[BlackFideId "5015197"]
[EventDate "2012.08.28"]

1. Nf3 g6 2. c4 Bg7 3. g3 d6 4. Bg2 Nf6 5. O-O O-O 6. Nc3 c6 7. d3 e5 8. Rb1 a5
9. a3 h6 10. Qc2 Re8 11. e4 Be6 12. b4 axb4 13. axb4 Nbd7 14. Re1 Rc8 15. b5 Nc5
16. Be3 Nfd7 17. Rec1 Qe7 18. Qe2 f5 19. d4 Nxe4 20. dxe5 Nxc3 21. Rxc3 dxe5 22.
bxc6 bxc6 23. Rb7 Qf8 24. Qd2 f4 25. gxf4 exf4 26. Bd4 c5 27. Bxg7 Qxg7 28. Ra3
g5 29. Raa7 Rcd8 30. Qa5 g4 31. Nd2 g3 32. hxg3 fxg3 33. Qxc5 Qa1+ 34. Rxa1 Nxc5
35. Rb2 gxf2+ 36. Kh2 Rf8 37. Nf3 Nd3 38. Rc2 Bg4 39. Kg3 Bxf3 40. Bxf3 Rd7 41.
Bd5+ Kh8 42. Rd2 Rg7+ 43. Kh2 Ne1 44. Raa2 f1=Q 0-1

[Event "40th Olympiad Women"]
[Site "Istanbul TUR"]
[Date "2012.08.28"]
[Round "1.6"]
[Board "2"]
[White "Karavade, Eesha"]
[Black "Stojkovska, Monika"]
[Result "1-0"]
[WhiteTitle "IM"]
[WhiteElo "2371"]
[BlackElo "1939"]
[WhiteTeam "India"]
[BlackTeam "FYROM"]
[WhiteFideId "5012600"]
[BlackFideId "15002594"]
[EventDate "2012.08.28"]

1. d4 Nf6 2. c4 e6 3. g3 Bb4+ 4. Bd2 c5 5. Bg2 Qb6 6. d5 O-O 7. Nc3 e5 8. Nf3 d6
9. Qc2 Re8 10. Nh4 Nbd7 11. e4 a6 12. a3 Bxc3 13. Bxc3 Qc7 14. a4 b6 15. O-O Rb8
16. Nf5 b5 17. axb5 axb5 18. cxb5 Rxb5 19. Ne3 Nb6 20. Rfc1 Bd7 21. Bf1 c4 22.
Ba5 Qb8 23. Bxb6 Rxb6 24. Nxc4 Rb4 25. Bd3 Rc8 26. Qe2 h6 27. Qe1 Ba4 28. Ra3
Nd7 29. Rac3 Nc5 30. Bf1 Rb7 31. Nxe5 Rxb2 32. Nd3 Rb5 33. Nxc5 Rbxc5 34. Rxc5
Rxc5 35. Rxc5 dxc5 36. e5 Bb3 37. Bg2 Qb4 38. Qe3 c4 39. e6 Kf8 40. Qf4 Qe7 41.
Qb8+ Qe8 42. Qb4+ Kg8 43. e7 Bd1 44. d6 1-0

[Event "40th Olympiad Women"]
[Site "Istanbul TUR"]
[Date "2012.08.28"]
[Round "1.6"]
[Board "3"]
[White "Nikolovska, Dragana"]
[Black "Tania, Sachdev"]
[Result "0-1"]
[BlackTitle "IM"]
[WhiteElo "1828"]
[BlackElo "2379"]
[WhiteTeam "FYROM"]
[BlackTeam "India"]
[WhiteFideId "15000133"]
[BlackFideId "5007844"]
[EventDate "2012.08.28"]

1. e4 e5 2. Nf3 Nc6 3. Bb5 a6 4. Ba4 Nf6 5. Qe2 Be7 6. c3 b5 7. Bb3 O-O 8. O-O
d5 9. d3 Re8 10. Rd1 Bb7 11. Nbd2 Bf8 12. Nf1 Na5 13. Bc2 c5 14. Ng3 h6 15. h3
Qc8 16. Nf5 c4 17. Ng3 Qe6 18. Nh2 Rad8 19. Qf3 cxd3 20. Bxd3 dxe4 0-1

[Event "40th Olympiad Women"]
[Site "Istanbul TUR"]
[Date "2012.08.28"]
[Round "1.6"]
[Board "4"]
[White "Soumya, Swaminathan"]
[Black "Lakinska, Simona"]
[Result "1-0"]
[WhiteTitle "WGM"]
[WhiteElo "2271"]
[BlackElo "1655"]
[WhiteTeam "India"]
[BlackTeam "FYROM"]
[WhiteFideId "5016193"]
[BlackFideId "15001695"]
[EventDate "2012.08.28"]

1. e4 e5 2. Nf3 Nc6 3. Bb5 a6 4. Ba4 Nf6 5. O-O b5 6. Bb3 Bc5 7. c3 Be7 8. Re1
d6 9. d4 O-O 10. h3 Bb7 11. Nbd2 Re8 12. Nf1 Bf8 13. Ng3 Na5 14. Bc2 c5 15. d5
Nc4 16. Qe2 h6 17. a4 Qd7 18. Nh2 Nb6 19. a5 Nc8 20. Qf3 Ne7 21. Bxh6 gxh6 22.
Qxf6 Bg7 23. Qf3 Ng6 24. Nf5 Bf8 25. Ng4 Qd8 26. Nfxh6+ Bxh6 27. Nxh6+ Kg7 28.
Nf5+ Kg8 29. Qh5 Qf6 30. Re3 Rad8 31. Rg3 Qh8 32. Qf3 Kf8 33. Rxg6 fxg6 34.
Nxd6+ Kg7 35. Qf7+ Kh6 36. Nxb7 Rf8 37. Qe7 Rde8 38. Qh4+ Kg7 39. Qxh8+ Kxh8 40.
Nxc5 Rf6 41. Ne6 Kg8 42. g3 Kf7 43. f4 exf4 44. e5 Rfxe6 45. dxe6+ Rxe6 46. Bb3 1-0

[Event "40th Olympiad Women"]
[Site "Istanbul TUR"]
[Date "2012.08.28"]
[Round "1.7"]
[Board "1"]
[White "Socko, Monika"]
[Black "Jose Polanco, Kenia"]
[Result "1-0"]
[WhiteTitle "GM"]
[BlackTitle "WCM"]
[WhiteElo "2467"]
[BlackElo "1954"]
[WhiteTeam "Poland"]
[BlackTeam "Dominican Republic"]
[WhiteFideId "1106619"]
[BlackFideId "6401074"]
[EventDate "2012.08.28"]

1. e4 e6 2. d4 d5 3. Nd2 c5 4. exd5 Qxd5 5. Ngf3 cxd4 6. Bc4 Qc5 7. O-O Nf6 8.
Bd3 Nc6 9. Nb3 Qd6 10. Nbxd4 Nxd4 11. Nxd4 a6 12. Bg5 Bd7 13. c3 Be7 14. Re1 Rc8
15. Qe2 Rc5 16. Bh4 O-O 17. Rad1 Qf4 18. Bg3 Qh6 19. Nf5 exf5 20. Qxe7 Ra5 21.
Bd6 Rc8 22. Bc4 Qg6 23. Bb4 b5 24. Rxd7 1-0